| 000 | 01006nam a22003011 4500 | ||
|---|---|---|---|
| 001 | 21228 | ||
| 003 | BD-RjUL | ||
| 005 | 20211209000649.0 | ||
| 008 | 140303s1961 enkab b 000 0 eng | ||
| 035 | _a(BD-RjUL)21292 | ||
| 035 | _aBD-RjUL | ||
| 040 |
_aDLC _cOKentU _dOCoLC _dBD-RjUL _beng |
||
| 041 | _aeng | ||
| 082 |
_a901.9 _bCHD 1961 |
||
| 100 | 1 |
_aChilde, V. Gordon _q(Vere Gordon), _d1892-1957. _934294 |
|
| 245 | 1 | 4 |
_aThe dawn of European civilization / _cby V. Gordon Childe . |
| 260 |
_aLondon, _bK. Paul, Trench, Trubner & Co. ltd.; _aNew York, _bA.A. Knopf, _c1961. |
||
| 300 |
_axvi, 328 p. : _billus. (incl. maps) ; _c25 cm. |
||
| 490 | 0 | _aThe history of civilization. [Pre-history and antiquity] | |
| 504 | _a"Authorities" at end of most of the chapters. | ||
| 650 | 0 |
_aArchaeology. _965629 |
|
| 650 | 0 |
_aPrehistoric peoples. _965630 |
|
| 651 | 0 |
_aEurope _xHistory. _965631 |
|
| 651 | 0 |
_aEurope _xCivilization. _934553 |
|
| 942 |
_2ddc _cBK |
||
| 999 |
_c21228 _d21228 |
||